000 00396nam a2200145 i 4500
001 bg
100 1 _aSTĘPNIEWSKI, Alfred
245 0 _aĆwiczenia do wykładów z mechaniki płynów oraz podstawy rachunku tensorowego /
_cAlfred Stępniewski.
250 _aWyd.2.
260 _aSzczecin,
_c1977.
040 _cBPK
041 _apol
942 _cKS
008 s pl f |000 0 pol
999 _c27643
_d27643
856 _uhttp://koha.tu.koszalin.pl/cgi-bin/koha/opac-detail.pl?biblionumber=27643
_yKatalog online BPK